| 000 | 01254nam a2200385 c 4500 | ||
|---|---|---|---|
| 001 | 12816 | ||
| 003 | ES-MaCES | ||
| 005 | 20190103040052.0 | ||
| 008 | 011010s2001 sp t 000 | spa d | ||
| 017 |
_aV-2490-2001 _bDL |
||
| 020 | _a848442345X | ||
| 035 | _aCES20010015466m | ||
| 040 |
_aES-MaCES _bspa _cES-MaCES |
||
| 100 | 1 |
_aFerrando García, Francisca María _912027 |
|
| 245 | 1 | 0 |
_aResponsabilidad civil por daños ocasionados durante la huelga _cFrancisca Mª Ferrando García |
| 260 |
_aValencia _bTirant lo Blanch _c2001 |
||
| 300 |
_a125 p. _c21 cm |
||
| 490 | 1 |
_aColección Laboral (Tirant lo Blanch (Firma)) _v122 |
|
| 504 | _aBibliografía: p. 121-125 | ||
| 541 | _cCompra | ||
| 650 | 4 |
_ahuelga _928376 |
|
| 650 | 4 |
_aderecho de huelga _929350 |
|
| 650 | 4 |
_adaños _928726 |
|
| 650 | 4 |
_aindemnización _930642 |
|
| 650 | 4 |
_aresponsabilidad civil _929046 |
|
| 650 | 4 |
_aderecho de responsabilidad civil _929891 |
|
| 650 | 4 |
_aderecho del trabajo _927165 |
|
| 650 | 4 |
_aEspaña _926964 |
|
| 650 | 4 |
_arégimen jurídico _929894 |
|
| 653 | 1 | 0 | _aDerecho civil |
| 830 | 0 |
_aLaboral (Tirant lo Blanch (Firma)) _v122 _932672 |
|
| 902 | _aLIB Libro | ||
| 942 |
_2CES _cBK _h6.0.7. |
||
| 999 |
_c12816 _d12816 |
||